| 000 | 00391nam a2200109Ia 4500 | ||
|---|---|---|---|
| 008 | 171204s9999 xx 000 0 und d | ||
| 245 | _aGuidance for Professional Development in Drinking Water and Wastewater Industry: | ||
| 245 | _cArchis Ambulkar | ||
| 260 | _c2015 | ||
| 650 | _xHygiene & Sanitation with Emphasis on Waste Management | ||
| 856 | _uhttp://down.ebook777.com/035/1780406967.pdf | ||
| 999 |
_c346698 _d346698 |
||